[Event "Uljanovsk Povolje op"]
[Site "Uljanovsk"]
[Date "2014.08.31"]
[Round "9"]
[White "Sazonov, Anatoliy"]
[Black "Shuklin, Nikolay"]
[Result "0-1"]
[WhiteElo "1889"]
[BlackElo "2113"]
[PlyCount "108"]
[EventDate "2014.08.26"]
[EventType "swiss"]
[EventRounds "9"]
[EventCountry "RUS"]
[SourceTitle "CBM 162 Extra"]
[Source "ChessBase"]
[SourceDate "2014.10.17"]
[SourceVersion "1"]
[SourceVersionDate "2014.10.17"]
[SourceQuality "1"]

1. b3 d6 2. Bb2 e5 3. c4 g6 4. f4 Nd7 5. Nf3 Bg7 6. e4 Qe7 7. d3 Ngf6 8. fxe5 dxe5 9. Ba3 Nc5 10. Qd2 0-0 11. Qe3 Nfd7 12. Be2 Re8 13. 0-0 Bf8 14. Nc3 Qd8 15. Bb2 c6 16. Rf2 Ne6 17. Qd2 Bc5 18. Na4 Bxf2+ 19. Kxf2 f6 20. Kg1 Ndc5 21. Nc3 a5 22. Rf1 Nf4 23. Ne1 Kg7 24. Rxf4 exf4 25. Qxf4 Ne6 26. Qg3 Qd4+ 27. Kh1 Qe5 28. Qf2 Qc5 29. Qg3 Qg5 30. Qf2 Qd2 31. Na4 Nf4 32. Qh4 Rf8 33. Bf1 Be6 34. Bc3 Qe3 35. Nc2 Qc1 36. Ne1 Rae8 37. Qf2 g5 38. g3 Nh3 39. Qe2 b5 40. Bb2 Bg4 41. Bxc1 Bxe2 42. Bxe2 bxa4 43. Kg2 axb3 44. axb3 g4 45. Bxg4 Ng5 46. Bd7 Rb8 47. Bd2 Rxb3 48. Kf1 a4 49. h4 Nf7 50. Be3 a3 51. Bd4 Ne5 52. Be6 Re8 53. Bf5 Rb1 54. Ke2 Rxe1+ 0-1

[Event "Uljanovsk Povolje op"]
[Site "Uljanovsk"]
[Date "2014.08.30"]
[Round "8"]
[White "Shuklin, Nikolay"]
[Black "Poletaev, Vitaly"]
[Result "1/2-1/2"]
[WhiteElo "2113"]
[BlackElo "1948"]
[PlyCount "22"]
[EventDate "2014.08.26"]
[EventType "swiss"]
[EventRounds "9"]
[EventCountry "RUS"]
[SourceTitle "CBM 162 Extra"]
[Source "ChessBase"]
[SourceDate "2014.10.17"]
[SourceVersion "1"]
[SourceVersionDate "2014.10.17"]
[SourceQuality "1"]

1. d4 Nf6 2. Nf3 b6 3. g3 Bb7 4. Bg2 g6 5. c4 Bg7 6. 0-0 0-0 7. Nc3 Ne4 8. Nxe4 Bxe4 9. b3 c5 10. Be3 Nc6 11. dxc5 bxc5 1/2-1/2

[Event "Uljanovsk Povolje op"]
[Site "Uljanovsk"]
[Date "2014.08.27"]
[Round "2"]
[White "Shuklin, Nikolay"]
[Black "Parshakov, Vladimir"]
[Result "1-0"]
[WhiteElo "2113"]
[BlackElo "1909"]
[PlyCount "89"]
[EventDate "2014.08.26"]
[EventType "swiss"]
[EventRounds "9"]
[EventCountry "RUS"]
[SourceTitle "CBM 162 Extra"]
[Source "ChessBase"]
[SourceDate "2014.10.17"]
[SourceVersion "1"]
[SourceVersionDate "2014.10.17"]
[SourceQuality "1"]

1. d4 Nf6 2. Nf3 e6 3. c4 b6 4. g3 Ba6 5. Nbd2 Bb7 6. Bg2 c5 7. 0-0 d6 8. b3 Nbd7 9. Bb2 Be7 10. Re1 0-0 11. e4 cxd4 12. Nxd4 Nc5 13. Qe2 Re8 14. Rad1 Qc7 15. Nb5 Qc6 16. Nc3 Rad8 17. h3 a6 18. Kh2 Qc7 19. Rc1 a5 20. Nb5 Qb8 21. Rcd1 Nfd7 22. Nb1 Ba6 23. N1c3 Nf8 24. Bc1 Ng6 25. Be3 Bf6 26. f4 Ne7 27. Bf2 Bxc3 28. Nxc3 d5 29. exd5 exd5 30. Nb5 Ng6 31. Qc2 Rxe1 32. Rxe1 dxc4 33. bxc4 Nd3 34. Rd1 Nxf2 35. Rxd8+ Qxd8 36. Qxf2 h6 37. a4 Nf8 38. c5 bxc5 39. Qxc5 Qd2 40. Qc6 Bxb5 41. axb5 a4 42. b6 a3 43. b7 a2 44. b8Q a1Q 45. Qc5 1-0

[Event "Izhevsk Corporation Cup-A 4th"]
[Site "Izhevsk"]
[Date "2012.07.18"]
[Round "4"]
[White "Pogromsky, Mikhail"]
[Black "Shuklin, Nikolay"]
[Result "1-0"]
[WhiteElo "2416"]
[BlackElo "2132"]
[PlyCount "79"]
[EventDate "2012.07.15"]
[EventType "swiss"]
[EventRounds "9"]
[EventCountry "RUS"]
[SourceTitle "EXT 2013"]
[Source "ChessBase"]
[SourceDate "2012.11.22"]
[SourceVersion "1"]
[SourceVersionDate "2012.11.22"]
[SourceQuality "1"]

1. d4 d6 2. c4 e5 3. Nf3 e4 4. Ng5 f5 5. Nc3 Be7 6. Nh3 Nf6 7. e3 0-0 8. Nf4 c6 9. h4 Na6 10. Be2 Nc7 11. d5 Nd7 12. h5 c5 13. b3 Bf6 14. Bb2 Ne5 15. Qc2 a6 16. a4 Rb8 17. a5 Na8 18. Ra3 Re8 19. Kd2 Bd7 20. Rha1 Qe7 21. Nd1 Rec8 22. Bc3 Rc7 23. Rb1 Rbc8 24. Nb2 Qf7 25. Na4 Bxa4 26. bxa4 Rd7 27. Rab3 Rb8 28. f3 exf3 29. gxf3 Bg5 30. Ne6 Bf6 31. f4 Ng4 32. Bxg4 fxg4 33. Bxf6 Qxf6 34. Ng5 g6 35. hxg6 Qxg6 36. Qxg6+ hxg6 37. Ke2 Kg7 38. Kf2 Kf6 39. e4 Re7 40. Kg3 1-0

[Event "Izhevsk Corporation Cup-A 4th"]
[Site "Izhevsk"]
[Date "2012.07.17"]
[Round "3"]
[White "Ogloblin, Nikolay"]
[Black "Shuklin, Nikolay"]
[Result "1-0"]
[WhiteElo "2353"]
[BlackElo "2132"]
[PlyCount "87"]
[EventDate "2012.07.15"]
[EventType "swiss"]
[EventRounds "9"]
[EventCountry "RUS"]
[SourceTitle "EXT 2013"]
[Source "ChessBase"]
[SourceDate "2012.11.22"]
[SourceVersion "1"]
[SourceVersionDate "2012.11.22"]
[SourceQuality "1"]

1. Nf3 Nf6 2. c4 g6 3. Nc3 Bg7 4. d4 d6 5. Bg5 0-0 6. e3 Nbd7 7. h3 c6 8. Be2 Re8 9. 0-0 h6 10. Bh4 a6 11. Qc2 b5 12. a3 Bb7 13. Rfd1 Rc8 14. c5 d5 15. Bg3 Ra8 16. e4 dxe4 17. Nxe4 Nxe4 18. Qxe4 Nf6 19. Qc2 Bc8 20. Ne5 Bf5 21. Qb3 Be6 22. Qe3 Bd5 23. Bf3 Rc8 24. a4 Bxf3 25. Qxf3 Qd5 26. axb5 axb5 27. Ra6 Ne4 28. Bf4 g5 29. Be3 Bxe5 30. dxe5 Qxe5 31. Bd4 Qe6 32. Re1 f5 33. Qe3 Qc4 34. b3 Qd5 35. b4 Kf7 36. f3 Nf6 37. Ra7 Kg6 38. Ba1 e5 39. Qc3 Re6 40. g4 Rce8 41. gxf5+ Kxf5 42. Qc2+ e4 43. fxe4+ Nxe4 44. Rf1+ 1-0

[Event "Izhevsk Corporation Cup-A 4th"]
[Site "Izhevsk"]
[Date "2012.07.15"]
[Round "1"]
[White "Shinkevich, Vitaly"]
[Black "Shuklin, Nikolay"]
[Result "1-0"]
[WhiteElo "2476"]
[BlackElo "2132"]
[PlyCount "75"]
[EventDate "2012.07.15"]
[EventType "swiss"]
[EventRounds "9"]
[EventCountry "RUS"]
[SourceTitle "EXT 2013"]
[Source "ChessBase"]
[SourceDate "2012.11.22"]
[SourceVersion "1"]
[SourceVersionDate "2012.11.22"]
[SourceQuality "1"]

1. d4 d6 2. Nf3 Nf6 3. c4 g6 4. g3 Bg7 5. Bg2 Nbd7 6. 0-0 0-0 7. Nc3 e5 8. e4 Re8 9. Be3 c6 10. Re1 a5 11. b3 exd4 12. Nxd4 Nc5 13. Bf4 h6 14. Rb1 Bf8 15. Qc2 Nfd7 16. Rbd1 Qb6 17. a3 Kh7 18. Be3 Qc7 19. f4 Nf6 20. Bf2 Bd7 21. b4 axb4 22. axb4 Na6 23. Rb1 Rad8 24. f5 d5 25. c5 Bg7 26. fxg6+ fxg6 27. Re2 Bc8 28. exd5 Nxd5 29. Nxd5 cxd5 30. Rxe8 Rxe8 31. Nb5 Qd8 32. Nd6 Rf8 33. h4 Bf5 34. Nxf5 Rxf5 35. b5 Nc7 36. Bh3 Rf3 37. h5 Qf8 38. Bg4 1-0

[Event "Izhevsk Udmurtia-ch"]
[Site "Izhevsk"]
[Date "2011.12.10"]
[Round "11"]
[White "Kostitsina, Liubov"]
[Black "Shuklin, Nikolay"]
[Result "0-1"]
[WhiteElo "2055"]
[BlackElo "2119"]
[PlyCount "58"]
[EventDate "2011.12.02"]
[EventType "swiss"]
[EventRounds "11"]
[EventCountry "RUS"]
[SourceTitle "CBM 146 Extra"]
[Source "ChessBase"]
[SourceDate "2012.02.29"]
[SourceVersion "1"]
[SourceVersionDate "2012.02.29"]
[SourceQuality "1"]

1. e4 d6 2. d4 Nf6 3. Nc3 c6 4. f4 Qa5 5. Bd3 e5 6. Nf3 Nbd7 7. Be3 Be7 8. 0-0 0-0 9. Qd2 Bd8 10. a3 Ng4 11. Ne2 Nxe3 12. Qxe3 Bf6 13. c3 g6 14. Ng3 Bg7 15. Rf2 Qb6 16. fxe5 dxe5 17. Bc4 exd4 18. cxd4 Ne5 19. Nxe5 Bxe5 20. Rd1 Be6 21. Bxe6 fxe6 22. Rxf8+ Rxf8 23. Nf1 Rd8 24. Kh1 Rxd4 25. Re1 Rd6 26. Qf3 Rd7 27. Ne3 Rf7 28. Qh3 Qb3 29. Qh6 Bf4 0-1

[Event "Izhevsk Udmurtia-ch"]
[Site "Izhevsk"]
[Date "2011.12.06"]
[Round "7"]
[White "Shuklin, Nikolay"]
[Black "Murygin, Dmitry"]
[Result "1/2-1/2"]
[WhiteElo "2119"]
[BlackElo "1992"]
[PlyCount "98"]
[EventDate "2011.12.02"]
[EventType "swiss"]
[EventRounds "11"]
[EventCountry "RUS"]
[SourceTitle "CBM 146 Extra"]
[Source "ChessBase"]
[SourceDate "2012.02.29"]
[SourceVersion "1"]
[SourceVersionDate "2012.02.29"]
[SourceQuality "1"]

1. d4 d5 2. c4 c6 3. Nf3 Nf6 4. Nc3 e6 5. g3 dxc4 6. Bg2 Nbd7 7. a4 Bb4 8. 0-0 0-0 9. Qc2 Nd5 10. e4 Nxc3 11. bxc3 Be7 12. e5 Rb8 13. Nd2 c5 14. Nxc4 b6 15. Na3 Bb7 16. Bxb7 Rxb7 17. Qe4 Qb8 18. Bf4 Rd8 19. h4 a6 20. Nc4 Qc7 21. Bg5 Bxg5 22. hxg5 b5 23. Nd6 Rbb8 24. axb5 axb5 25. Ra6 b4 26. Rfa1 b3 27. Rb1 cxd4 28. cxd4 Rb6 29. Rxb6 Qxb6 30. Qf3 Rf8 31. Qb7 Qxb7 32. Nxb7 f6 33. gxf6 gxf6 34. exf6 Rxf6 35. Rxb3 e5 36. Nc5 Nxc5 37. dxc5 Rc6 38. Rb5 Kf7 39. Kg2 Ke6 40. Rb6 Kd5 41. Rxc6 Kxc6 42. Kf3 Kxc5 43. Ke4 Kd6 44. g4 Ke6 45. g5 Kd6 46. Kf5 Kd5 47. f3 Kd4 48. Kf6 Ke3 49. Kxe5 Kxf3 1/2-1/2

[Event "Udmurtia-ch"]
[Site "Izhevsk"]
[Date "2009.12.13"]
[Round "3"]
[White "Ozolin, Maxim"]
[Black "Shuklin, Nikolay"]
[Result "1/2-1/2"]
[WhiteElo "2370"]
[BlackElo "2118"]
[PlyCount "109"]
[EventDate "2009.11.12"]
[EventType "tourn"]
[EventRounds "11"]
[EventCountry "RUS"]
[SourceTitle "EXT 2011"]
[Source "ChessBase"]
[SourceDate "2010.11.26"]
[SourceVersion "1"]
[SourceVersionDate "2010.11.26"]
[SourceQuality "1"]

1. e4 g6 2. d4 Bg7 3. Nc3 d6 4. Be3 a6 5. h4 h5 6. Nh3 Nf6 7. f3 Nbd7 8. Qd2 c6 9. 0-0-0 Qa5 10. Kb1 b5 11. Nf2 Qc7 12. g4 Nb6 13. g5 Nfd7 14. b3 Bb7 15. f4 0-0-0 16. Bh3 Kb8 17. Ne2 c5 18. d5 Rhe8 19. f5 Bc8 20. Nf4 Nf8 21. Rhf1 Nbd7 22. N2d3 Ne5 23. Nxe5 Bxe5 24. Nd3 Bh8 25. Qe1 Bd7 26. Bd2 b4 27. Bc1 a5 28. Bb2 Bxb2 29. Nxb2 Bb5 30. Rf2 Nd7 31. Bf1 Bxf1 32. Qxf1 Ne5 33. Nc4 Ka7 34. Nxe5 dxe5 35. f6 e6 36. dxe6 Rxe6 37. Rd5 Rxd5 38. exd5 Rd6 39. Rd2 Qd7 40. Qc4 Kb6 41. a4 bxa3 42. Qe4 Qf5 43. Qxf5 gxf5 44. c4 Rd8 45. Rf2 f4 46. Ka2 Kc7 47. Kxa3 Kd6 48. Kb2 Ra8 49. Kc3 Ra7 50. Kd3 Rb7 51. Kc3 Rb8 52. Rf1 Rb7 53. Rf2 Rb8 54. Rf1 Rb7 55. Rf2 1/2-1/2

[Event "Udmurtia-ch"]
[Site "Izhevsk"]
[Date "2009.12.13"]
[Round "4"]
[White "Shuklin, Nikolay"]
[Black "Novoselov, Alexander"]
[Result "1-0"]
[WhiteElo "2118"]
[BlackElo "2046"]
[PlyCount "47"]
[EventDate "2009.11.12"]
[EventType "tourn"]
[EventRounds "11"]
[EventCountry "RUS"]
[SourceTitle "EXT 2011"]
[Source "ChessBase"]
[SourceDate "2010.11.26"]
[SourceVersion "1"]
[SourceVersionDate "2010.11.26"]
[SourceQuality "1"]

1. d4 d5 2. Nf3 Nf6 3. Bg5 Nbd7 4. e3 c6 5. c3 g6 6. Nbd2 Bg7 7. Bd3 0-0 8. 0-0 Re8 9. Re1 Qb6 10. Qc2 e5 11. dxe5 Nxe5 12. Nxe5 Rxe5 13. Bf4 Re8 14. h3 Bd7 15. Rab1 Nh5 16. Bh2 f5 17. c4 d4 18. c5 Qd8 19. exd4 Kh8 20. Nf3 Be6 21. Bc4 Bd5 22. Rxe8+ Qxe8 23. Bxd5 cxd5 24. Re1 1-0

[Event "Udmurtia-ch"]
[Site "Izhevsk"]
[Date "2009.12.12"]
[Round "2"]
[White "Shuklin, Nikolay"]
[Black "Fedoseev, Vladimir"]
[Result "1-0"]
[WhiteElo "2118"]
[BlackElo "2179"]
[PlyCount "148"]
[EventDate "2009.11.12"]
[EventType "tourn"]
[EventRounds "11"]
[EventCountry "RUS"]
[SourceTitle "EXT 2011"]
[Source "ChessBase"]
[SourceDate "2010.11.26"]
[SourceVersion "1"]
[SourceVersionDate "2010.11.26"]
[SourceQuality "1"]

1. d4 Nf6 2. Nf3 d5 3. Bg5 Nbd7 4. e3 c5 5. c3 e6 6. Nbd2 Bd6 7. Bd3 0-0 8. Bh4 e5 9. dxe5 Nxe5 10. Nxe5 Bxe5 11. Qc2 h6 12. Nf3 Bc7 13. 0-0-0 Qd6 14. h3 Bd7 15. g4 Rfe8 16. g5 hxg5 17. Nxg5 Bc6 18. Rhg1 d4 19. Bc4 Bd5 20. Bg3 Qd7 21. Bxd5 Nxd5 22. Qh7+ Kf8 23. Qh8+ Ke7 24. Qxg7 Rf8 25. exd4 Bxg3 26. Rge1+ Kd6 27. fxg3 c4 28. Ne4+ Kc6 29. Nf6 Nxf6 30. Qxf6+ Qd6 31. d5+ Kd7 32. Qf5+ Kc7 33. Re4 b5 34. Rde1 Rad8 35. Re7+ Kb8 36. Rxf7 Qxg3 37. Rd1 Rxf7 38. Qxf7 Qxh3 39. Qf4+ Kb7 40. d6 Qd7 41. Qe5 a6 42. b3 cxb3 43. axb3 Qc6 44. Rd2 Rd7 45. Kb2 Kb6 46. Rd5 Kb7 47. Qd4 Qc8 48. b4 Qc6 49. Ka3 Qc8 50. Kb2 Qc6 51. Ka2 Qb6 52. Qd2 Qg1 53. Kb2 Qg3 54. Ka2 Qg6 55. Kb2 Qe6 56. Qd3 Qf6 57. Rxb5+ Ka7 58. Rd5 Kb7 59. Ka3 Qe6 60. Rd4 Qe1 61. Kb2 Kb6 62. Qd2 Qe6 63. Ka3 Qg6 64. Qf2 Kb7 65. Qf3+ Kb6 66. Qd5 Qc2 67. Qb3 Qh2 68. c4 Qg1 69. Rd1 Qh2 70. c5+ Kb7 71. Re1 Qg2 72. Rd1 Kb8 73. Qd5 Qg3+ 74. Rd3 Qh2 1-0

[Event "Udmurtia-ch"]
[Site "Izhevsk"]
[Date "2009.12.11"]
[Round "1"]
[White "Sakharov, Lev"]
[Black "Shuklin, Nikolay"]
[Result "0-1"]
[WhiteElo "2146"]
[BlackElo "2118"]
[PlyCount "54"]
[EventDate "2009.11.12"]
[EventType "tourn"]
[EventRounds "11"]
[EventCountry "RUS"]
[SourceTitle "EXT 2011"]
[Source "ChessBase"]
[SourceDate "2010.11.26"]
[SourceVersion "1"]
[SourceVersionDate "2010.11.26"]
[SourceQuality "1"]

1. e4 g6 2. d4 Bg7 3. Be3 c5 4. Nc3 Nc6 5. dxc5 Nf6 6. f3 0-0 7. Bc4 b6 8. cxb6 axb6 9. Qd2 d6 10. Bh6 Bxh6 11. Qxh6 Na5 12. Bd5 Nxd5 13. exd5 Nc4 14. 0-0-0 b5 15. Nge2 Bd7 16. Rd4 f6 17. Nf4 Rf7 18. Nd3 Qa5 19. Nb1 Qxa2 20. g4 Qa1 21. Rxc4 bxc4 22. Nb4 f5 23. h4 fxg4 24. h5 gxh5 25. Qxh5 Qa7 26. Re1 Qf2 27. Qh1 Qxf3 0-1

[Event "Udmurtia-ch"]
[Site "Izhevsk"]
[Date "2008.12.19"]
[Round "9"]
[White "Shuklin, Nikolay"]
[Black "Pushin, Vladimir"]
[Result "0-1"]
[WhiteElo "2112"]
[BlackElo "2314"]
[PlyCount "76"]
[EventDate "2008.12.12"]
[EventType "tourn"]
[EventRounds "11"]
[EventCountry "RUS"]
[SourceTitle "EXT 2010"]
[Source "ChessBase"]
[SourceDate "2010.11.25"]
[SourceVersion "1"]
[SourceVersionDate "2010.11.25"]
[SourceQuality "1"]

1. Nf3 d5 2. g3 c6 3. Bg2 Bg4 4. d3 Nf6 5. Nbd2 e6 6. 0-0 Be7 7. e4 0-0 8. h3 Bh5 9. g4 dxe4 10. dxe4 Bg6 11. Nh4 Bxe4 12. Nxe4 Nxe4 13. Bxe4 Bxh4 14. Qxd8 Bxd8 15. c4 Na6 16. Rb1 Nc5 17. Bc2 a5 18. Bf4 Be7 19. Rfd1 Rfd8 20. Kf1 f6 21. Ke2 Kf7 22. Be3 e5 23. Rxd8 Rxd8 24. Bxc5 Bxc5 25. Rd1 Bd4 26. b3 g6 27. Rf1 Ke7 28. f4 Bc3 29. Bd3 e4 30. Bxe4 Rd2+ 31. Kf3 Rxa2 32. Rf2 Bd2 33. f5 g5 34. Ke2 Bf4+ 35. Kf1 Ra1+ 36. Kg2 Kd6 37. Rf1 Ra3 38. Rd1+ Ke5 0-1

[Event "Udmurtia-ch"]
[Site "Izhevsk"]
[Date "2008.12.18"]
[Round "8"]
[White "Sakharov, Lev"]
[Black "Shuklin, Nikolay"]
[Result "1-0"]
[WhiteElo "2076"]
[BlackElo "2112"]
[PlyCount "129"]
[EventDate "2008.12.12"]
[EventType "tourn"]
[EventRounds "11"]
[EventCountry "RUS"]
[SourceTitle "EXT 2010"]
[Source "ChessBase"]
[SourceDate "2010.11.25"]
[SourceVersion "1"]
[SourceVersionDate "2010.11.25"]
[SourceQuality "1"]

1. d4 g6 2. c4 Bg7 3. e4 d6 4. Nc3 Nf6 5. f3 0-0 6. Be3 Nc6 7. Nge2 a6 8. Qd2 Rb8 9. g4 b5 10. Ng3 e5 11. d5 Nd4 12. Be2 bxc4 13. h4 Nd7 14. Na4 a5 15. h5 Rb4 16. Bd1 Rxa4 17. Bxd4 exd4 18. Bxa4 Ne5 19. Bd1 Qf6 20. 0-0 h6 21. Kg2 c5 22. dxc6 Nxc6 23. Ba4 Nb4 24. Bb5 c3 25. bxc3 dxc3 26. Qe2 Bb7 27. hxg6 fxg6 28. a3 Nc6 29. Bxc6 Bxc6 30. Qc2 d5 31. exd5 Bd7 32. Rac1 Rc8 33. Qe4 Bb5 34. Rf2 Re8 35. Qc2 Re3 36. Qb3 Bd7 37. Qc4 h5 38. Qc7 Qf7 39. Qxa5 Be5 40. Nf1 Rd3 41. f4 Bd6 42. Rxc3 Rxd5 43. Qa8+ Kh7 44. gxh5 Rxh5 45. Rd3 Bc5 46. Rfd2 Bb5 47. Rf3 Bb6 48. Ng3 Rh4 49. Ne4 Kg7 50. Qb8 Rg4+ 51. Rg3 Qxf4 52. Qxf4 Rxf4 53. Rd6 Rxe4 54. Rdxg6+ Kf7 55. Rxb6 Be2 56. Rh3 Kg7 57. Rc3 Re7 58. Rbc6 Kf7 59. Rc7 Rxc7 60. Rxc7+ Ke6 61. Kf2 Kd6 62. Rc3 Bb5 63. Ke3 Bc6 64. Kd4 Kc7 65. Kc5 1-0

[Event "Udmurtia-ch"]
[Site "Izhevsk"]
[Date "2008.12.14"]
[Round "4"]
[White "Shuklin, Nikolay"]
[Black "Filipenko, Alexander V"]
[Result "1-0"]
[WhiteElo "2112"]
[BlackElo "2343"]
[PlyCount "85"]
[EventDate "2008.12.12"]
[EventType "tourn"]
[EventRounds "11"]
[EventCountry "RUS"]
[SourceTitle "EXT 2010"]
[Source "ChessBase"]
[SourceDate "2010.11.25"]
[SourceVersion "1"]
[SourceVersionDate "2010.11.25"]
[SourceQuality "1"]

1. Nf3 d5 2. g3 c6 3. Bg2 Bf5 4. d3 e6 5. Nbd2 Nf6 6. 0-0 h6 7. Re1 Bh7 8. c3 Nbd7 9. Qc2 Be7 10. b3 0-0 11. Bb2 a5 12. a3 c5 13. e4 dxe4 14. dxe4 a4 15. b4 Qc7 16. Rac1 Rfd8 17. Bf1 Ng4 18. Be2 Qb8 19. h3 Nge5 20. b5 Nxf3+ 21. Nxf3 Bf6 22. Bf1 Ne5 23. Nxe5 Qxe5 24. Qe2 Rd7 25. Bg2 Rad8 26. Rc2 Qc7 27. Qc4 Rd1 28. Rce2 R8d7 29. Rxd1 Rxd1+ 30. Kh2 b6 31. Qxa4 Qd8 32. Qc2 c4 33. a4 g5 34. Ba3 h5 35. Qa2 Be5 36. Qxc4 Rb1 37. Rb2 Rxb2 38. Bxb2 Qd2 39. Ba3 Qxf2 40. Qd3 f6 41. Qd8+ Kg7 42. Bf8+ Kg8 43. Bc5+ 1-0

[Event "Udmurtia-ch"]
[Site "Izhevsk"]
[Date "2008.12.13"]
[Round "2"]
[White "Shuklin, Nikolay"]
[Black "Lykov, Sergey"]
[Result "1/2-1/2"]
[WhiteElo "2112"]
[BlackElo "2251"]
[PlyCount "163"]
[EventDate "2008.12.12"]
[EventType "tourn"]
[EventRounds "11"]
[EventCountry "RUS"]
[SourceTitle "EXT 2010"]
[Source "ChessBase"]
[SourceDate "2010.11.25"]
[SourceVersion "1"]
[SourceVersionDate "2010.11.25"]
[SourceQuality "1"]

1. Nf3 Nf6 2. g3 b6 3. Bg2 Bb7 4. 0-0 c5 5. d3 e6 6. e4 d6 7. c4 Nbd7 8. Nc3 Be7 9. Qe2 0-0 10. Rd1 a6 11. b3 Qc7 12. Bb2 Rac8 13. h3 Rfe8 14. Rac1 d5 15. e5 d4 16. exf6 dxc3 17. fxe7 cxb2 18. Qxb2 e5 19. Nh4 Bxg2 20. Nxg2 Rxe7 21. Ne3 Nf6 22. b4 Rd8 23. Rb1 Re6 24. Qa3 Qc6 25. Qxa6 Ra8 26. Qb5 Qxb5 27. cxb5 cxb4 28. Rd2 Ra4 29. Rc2 Kf8 30. Rbb2 g6 31. Rc4 Rd6 32. Rcxb4 Rxb4 33. Rxb4 Rxd3 34. Ra4 Nd7 35. Ra6 Rd4 36. a4 Ke7 37. a5 bxa5 38. Rxa5 Kd6 39. Ra7 Kc5 40. Rb7 f5 41. Kg2 e4 42. h4 h5 43. Kf1 Ne5 44. Re7 Kd6 45. Re8 Rb4 46. Rd8+ Ke7 47. Nd5+ Kxd8 48. Nxb4 Kc7 49. Nd5+ Kd6 50. Nc3 Kc5 51. Ke2 Kc4 52. Nd1 Kxb5 53. Ne3 Kc5 54. Ng2 Kd6 55. Nf4 Ke7 56. Nd5+ Kf7 57. Nf4 Kg7 58. Nh3 Kh6 59. Ke3 Nf3 60. Kf4 Kg7 61. Ke3 Kf6 62. Kf4 Ne1 63. Ke3 Nc2+ 64. Kd2 Nd4 65. Ke3 Nf3 66. Kf4 g5+ 67. hxg5+ Kg6 68. Ke3 Nxg5 69. Nf4+ Kh6 70. Nd5 Ne6 71. f3 exf3 72. Kxf3 Kg5 73. Ne3 Nd4+ 74. Kf2 Nc6 75. Kf3 Ne5+ 76. Kg2 Ng4 77. Nd5 Nf6 78. Ne3 Ne4 79. Nd5 Nf6 80. Ne3 Ng4 81. Nd5 Ne5 82. Ne3 1/2-1/2